01238nam a2200337 a 4500008004100000020001900041040002500060041002800085044001100113080002300124080002000147245008400167246002800251246002800279260003500307300003400342500003100376500004900407500004100456500009700497504002200594651005900616700002800675700003600703700002700739700002600766700002200792700002500814710003700839100002400876980710s1997 m yxo ad r y 0 slo c a808890000Xc10 aSNKbslocSNKeAACR21 asloaengagerbengbger axocSK a908.437.674-37:779 a779(437.674-37)10aNáš okres Michalovcec[zostavenie: Viera Čurmová, Alexander Jiroušek]10aOur district Michalovce10aUnser Bezirk Michalovce aKošicebAgentúra JeSc1997 a109 s.bfareb. fotogr.c32 cm aČiast. text angl. a nem. aÚdaj o zost. prevzatý z rubu tit. strany aVyd. pre Okresný úrad Michalovce aFotogr. Štefan Danko, Pavol Derfényi, Alexander Jiroušek, Ladislav Marton, Erik Mojsej aRes. angl. a nem.07aMichalovce (Slovensko: okres)xtexty a fotografie2SNK1 aČurmová, Viera4com1 aJiroušek, Alexander4com4pht1 aDerfényi, Pavol4pht1 aMarton, Ladislav4pht1 aMojsej, Erik4pht1 aDanko, Štefan4pht0 aOkresný úrad Michalovce4pbl1 aMatejovič, Milan